00786 2200229 4500001002100000005001500021035002000036008004100056020001700097041000800114082001100122084001700133100001900150245005800169260004500227300002100272520017000293650002500463700001800488990002500506990002500531INLIS00000000000069420221029104707 a0010-0520000694221029 | | eng  a978-541-02-3 aeng a341.48 a341.48 STE a0 aSteiner, Henry1 aAdvanced Materials /cHenry Steiner and Philip Alston aOxford :bOxford University Press,c1996 a227 p. ;c30 cm. aThe reading materials begin by introducing participants in this course to the essential background: the growth of the human rights movement and its basic provisions. 4a1. Hak Azasi Manusia0 aPhilip Alston a01838/MKRI-P/II-2005 a01838/MKRI-P/II-2005